| 000 | 00000nas 2200000za 4500 |
| 001 | 9.503463 |
| 003 | CaOODSP |
| 005 | 20210414103330 |
| 007 | cr ||||||||||| |
| 008 | 150406d20002004qucar p o||||f| |0fre|d |
| 040 | |aCaOODSP|bfre |
| 043 | |an-cn--- |
| 086 | 1 |aHS1-1F-PDF |
| 245 | 00|aGuide d'information sur le Programme canadien de prêts aux étudiants |h[ressource électronique]. |
| 246 | 1 |iTitre de renvoi : |aProgramme canadien de prêts aux étudiants, guide d'information |
| 260 | |aGatineau, Québec : |bDéveloppement des ressources humaines Canada |
| 310 | |aAnnuel |
| 362 | 0 |a1999/2000-2003/2004. |
| 691 | 07|aPrêt étudiant|2gcpds |
| 691 | 07|aProgramme fédéral|2gcpds |
| 710 | 1 |aCanada.|bDéveloppement des ressources humaines Canada. |
| 775 | 08|tCanada Student Loans Program information guide |w(CaOODSP)9.507070 |